• 首页
  • 本馆介绍
  • 公告通知
  • 最新文献
  • 馆藏检索
  • 电子资源
  • 读者导购
  • 参考咨询
  • 我的图书馆
  • 登录
  • 详细信息显示
  • 放入我的书架
  • 预约/预借图书
  • 作者相关作品
  • 分类相关作品
  • 丛书相关作品
  • 出版社相关作品

书目信息

  • 表格格式
  • 工作单格式
  • 卡片格式
题名:
尖吻鲈养殖生物学及加工
    
 
作者: 马振华 , 于刚 , 孟祥君 主编
分册:  
出版信息: 北京   中国农业出版社  2019
页数: 282页
开本: 26cm
丛书名:
单 册:
中图分类: S965.233 , TS254.4
科图分类:
主题词: 尖吻鲈--jian wen lu--鱼类养殖 , 尖吻鲈--jian wen lu--食品加工
电子资源:
ISBN: 978-7-109-24864-9
000 01119nam0 2200325 450
001 012001003653
005 20131105093924.0
010    @a978-7-109-24864-9@dCNY80.00
099    @aCAL 012019080489
100    @a20190620d2019 ekmy0chiy50 ea
101 0  @achi
102    @aCN@b110000
105    @aak a 000yy
106    @ar
200 1  @a尖吻鲈养殖生物学及加工@Ajian wen lu yang zhi Sheng wu xue ji jia gong@f马振华 ... [等] 主编
210    @a北京@c中国农业出版社@d2019
215    @a282页@c图@d26cm
304    @a题名页题: 马振华, 于刚, 孟祥君, 陈明强主编
320    @a有书目 (第253-282页)
330    @a本书系统总结了近年来国内外尖吻鲈种质资源管理、亲鱼培育、育苗、养殖技术、病害防控及加工的研究进展,以及笔者近年来的研究成果。
333    @a本书适用于尖吻鲈养殖人员
606 0  @a尖吻鲈@Ajian wen lu@x鱼类养殖
606 0  @a尖吻鲈@Ajian wen lu@x食品加工
690    @aS965.233@v5
690    @aTS254.4@v5
701  0 @a马振华@Ama zhen hua@4主编
701  0 @a于刚@Ayu gang@4主编
701  0 @a孟祥君@Ameng xiang jun@4主编
801  0 @aCN@b上海新华@c20191020
905    @b1206138-41@dS965.233@e59@f4
    
    尖吻鲈养殖生物学及加工/马振华 ... [等] 主编.-北京:中国农业出版社,2019
    282页:图;26cm
    使用对象:本书适用于尖吻鲈养殖人员
    
    ISBN 978-7-109-24864-9:CNY80.00
    本书系统总结了近年来国内外尖吻鲈种质资源管理、亲鱼培育、育苗、养殖技术、病害防控及加工的研究进展,以及笔者近年来的研究成果。
●
相关链接 在E读中查询图书 在五车中查询图书 在当当中查询图书 在豆瓣中查询图书


正题名:尖吻鲈养殖生物学及加工     索取号:S965.233/59         预约/预借

序号 登录号 条形码 馆藏地/架位号 状态 备注
1 1206138   212061383   第二样本阅览室/ [索取号:S965.233/59] 在馆    
2 1206139   212061392   第三借阅区/ [索取号:S965.233/59] 在馆    
3 1206140   212061409   第三借阅区/ [索取号:S965.233/59] 在馆    
4 1206141   212061418   第三借阅区/ [索取号:S965.233/59] 在馆    
唐山师范学院图书馆 欢迎您!
大连网信软件有限公司© 版权所有